• 首页
  • 本馆介绍
  • 公告通知
  • 最新文献
  • 馆藏检索
  • 电子资源
  • 读者导购
  • 参考咨询
  • 我的图书馆
  • 登录
  • 详细信息显示
  • 放入我的书架
  • 预约/预借图书
  • 作者相关作品
  • 分类相关作品
  • 丛书相关作品
  • 出版社相关作品

书目信息

  • 表格格式
  • 工作单格式
  • 卡片格式
题名:
磁性纳米粒和磁性流体制备与应用
    
 
作者: 洪若瑜 主编
分册:  
出版信息: 北京   化学工业出版社  2009
页数: 244页
开本: 24cm
丛书名:
单 册:
中图分类: TM271
科图分类:
主题词: 磁性材料--纳米材料 , 磁流体 , 磁性材料 , 纳米材料
电子资源:
ISBN: 978-7-122-03772-5
000 00859nam0 2200265 45
001 1050713297
005 20100420094729.81
010    @a978-7-122-03772-5@dCNY48.00
100    @a20100408d2009 em y0chiy0120 ea
101 0  @achi
102    @aCN@b110000
105    @aa z 000yy
106    @ar
200 1  @a磁性纳米粒和磁性流体制备与应用@ACi Xing Na Mi Li He Ci Xing Liu Ti Zhi Bei Yu Ying Yong@f洪若瑜主编@FHong Ruo Yu Zhu Bian
210    @a北京@c化学工业出版社@d2009
215    @a244页@c图@d24cm
330    @a本书介绍了磁性纳米粒和磁性流体制备、改性、表征和应用实例等。内容包括:纳米材料的性质、磁性流体的制备等。
606 0  @a磁性材料@x纳米材料
606 0  @a磁流体
606 0  @a磁性材料
606 0  @a纳米材料
690    @aTM271@v4
701  0 @a洪若瑜@AHong Ruo Yu@4主编
801  0 @aCN@bTANGWEI@c20100420
905    @b0589782-86@dTM271@e18@f5
    
    磁性纳米粒和磁性流体制备与应用/洪若瑜主编.-北京:化学工业出版社,2009
    244页:图;24cm
    
    
    ISBN 978-7-122-03772-5:CNY48.00
    本书介绍了磁性纳米粒和磁性流体制备、改性、表征和应用实例等。内容包括:纳米材料的性质、磁性流体的制备等。
●
相关链接 在E读中查询图书 在五车中查询图书 在当当中查询图书 在豆瓣中查询图书


正题名:磁性纳米粒和磁性流体制备与应用     索取号:TM271/18         预约/预借

序号 登录号 条形码 馆藏地/架位号 状态 备注
1 0589782   205897822   第二样本阅览室/ [索取号:TM271/18] 在馆    
2 0589783   205897831   第三借阅区/ [索取号:TM271/18] 在馆    
3 0589784   205897840   第三借阅区/ [索取号:TM271/18] 在馆    
4 0589785   205897859   第三借阅区/ [索取号:TM271/18] 在馆    
5 0589786   205897868   第三借阅区/ [索取号:TM271/18] 在馆    
唐山师范学院图书馆 欢迎您!
大连网信软件有限公司© 版权所有